00573nam a2200169 a 450000100100000000500170001000800410002702000150006804000250008308200180010824500500012626000440017630000350022004900090025595201220026499900170038600002433820200930022925.0110126s1990 sz ac r 000 0 spa d a3259055649 aDO-SdBNPbspacBNPHU axxxxxxbS948p00aSuiza :bpueblo, Estado, economía, cultura. aBerna, Suiza :bKümmerly+Frey,c1990. a96 p. :bil., retrs. ;c19 cm. aBNGR 001054708MOaGRbGRcCTd2011-01-26iLF1l0oxxxxxx S948pp24338-10r2020-06-25w2020-06-25y4ZPréstamo en sala c23831d23831